• 首页
  • 本馆介绍
  • 公告通知
  • 最新文献
  • 馆藏检索
  • 电子资源
  • 读者导购
  • 参考咨询
  • 我的图书馆
  • 登录
  • 详细信息显示
  • 放入我的书架
  • 预约/预借图书
  • 作者相关作品
  • 分类相关作品
  • 丛书相关作品
  • 出版社相关作品

书目信息

  • 表格格式
  • 工作单格式
  • 卡片格式
题名:
世界未来纵横说
    
 
作者: 王文学
分册:  
出版信息:   山西经济出版社  1996.05
页数: 281页
开本: 32开
丛书名:
单 册:
中图分类: F062.2
科图分类:
主题词: 经济学--分支科学
电子资源:
ISBN: 7-80577-955-4
000 00529nam0 2200193 45
001 0308271080
005 20030827105655.2
010    @a7-80577-955-4@dRMB16.00
100    @a20030827d1996 km y0chiy0120 ea
101    @achi
105    @a z 000yy
200 1  @a世界未来纵横说@Ashi jie wei lai zong heng shuo@f王文学@Fwang wen xue
210    @c山西经济出版社@d1996.05
215    @a281页@c无图表@d32开
606 0  @a经济学@x分支科学
690    @aF062.2@v3
701  0 @a王文学
801    @aCN@b@c20030827
905    @aBZT@dF062.2@e21
    
    世界未来纵横说/王文学.-山西经济出版社,1996.05
    281页:无图表;32开
    
    
    ISBN 7-80577-955-4:RMB16.00
    
●
相关链接 在五车中查询图书 在当当中查询图书 在豆瓣中查询图书


正题名:世界未来纵横说     索取号:F062.2/21         预约/预借

序号 登录号 条形码 馆藏地/架位号 状态 备注
1 81666   200507601   中心书库北库/ 北库006架A面5列5层25/ [索取号:F062.2/21] 在馆    
2 81667   200507585   中心书库北库/ 北库006架A面5列5层26/ [索取号:F062.2/21] 在馆    
3 81668   200507576   中心书库北库/ 北库006架A面5列6层15/ [索取号:F062.2/21] 在馆    
4 81669   200507610   中心书库北库/ 北库006架A面5列5层24/ [索取号:F062.2/21] 在馆    
5 81670   200507594   中心书库北库/ 北库006架A面5列6层16/ [索取号:F062.2/21] 在馆    
山东省滨州职业学院图书馆 欢迎您!
大连网信软件有限公司© 版权所有